000 00342nam a2200133 i 4500
001 bg
100 1 _aROJEK, Zdzisław
245 0 _aMateriałoznawstwo z elementami inżynierii materiałowej /
_cZdzisław Rojek.
260 _aSzczecin,
_c1981.
040 _cBPK
041 _apol
942 _cKS
008 s pl f |000 0 pol
999 _c20079
_d20079
856 _uhttp://koha.tu.koszalin.pl/cgi-bin/koha/opac-detail.pl?biblionumber=20079
_yKatalog online BPK